1608 1634 1368 1339 1337 1139 1226 1672 1629 1832 1366 1680 1985 1715 1180 1567 1342 1378 1291 1985 1240 1224 1410 1206 1636 1591 1595 1191 1174 1059 1862 1143 1828 1915 1239 1747 1023 1945 1867 1473 1188 1504 1334 1363 1602 1863 1048 1667 1527 1995 1481 1245 1712 1939 1341 1081 1475 1313 1280 1317 1097 1345 1186 1023 1593 1479 1759 1580 1914 1049 1931 1785 1716 1215 1773 1879 1712 1017 1235 1611 1058 1903 1815 1288 1001 1984 1468 1337 1865 1180 1084 1508 1282 1695 1566 1346 1397 1441 1732 BCNSPRNW ULIB Ver.6.0+V

เปลี่ยนเป็นภาษาไทย

Change to English
 แสดงรายละเอียดบรรณานุกรม
  กลับหน้าหลัก

Brief Record : Get Marc (ISO 2709) : E-mail record : QR code < ปิดหน้าต่าง
LEADER : 00000nam 2200000uu 4500
001    13399113047
003     ULIB
008    110922s2542||||th 000 0 tha d
020    9747165074
090    PE1128^bพ933ท 2542
245 00 TOEFL :^btest book 1 (test of english as a foreign language) /^cสถาบัน PSP
246 1  TOEFL : TOEFL and explanatory answers
260    Bangkok :^bPSP,^c2542
300    392 p
650  0 TOEFL^xExamination guide
650  0 English language^xExamination, questions, etc
945    ^p248^l0^i013155
995    ทศพร
999 ^a ทศพร
รายการนี้ยังไม่มีแท็ก
คุณยังไม่ได้ล็อกอิน คุณสามารถมีกิจกรรมร่วมกับเว็บไซต์ได้ แต่ต้องล็อกอินก่อน ::
  ล็อกอิน

รายการสื่อสารสนเทศ

ลำดับที่ ประเภท เลขเรียก/บาร์โค้ด สถานที่ สถานะ
- ไม่พบข้อมูล -

BibComment


ยังไม่เคยถูกคอมเมนท์

คอมเมนท์ทรัพยากรรายการนี้
  คอมเมนท์: TOEFL test book ..


 Copyright 2026. Bcnsprnw @Library